| 000 | 00437 a2200145 4500 | ||
|---|---|---|---|
| 999 |
_c2533 _d2533 |
||
| 020 | _a9781842779729 | ||
| 050 | _aHC 905 AND 2010 | ||
| 100 | _aAndreasson, Stefan | ||
| 245 |
_aAfrica's development impasse : _brethinking the political economy of transformation/ _cStefan Andreasson |
||
| 264 |
_aNew York: _bZed; _c2010 |
||
| 300 | _a258p.; | ||
| 500 | _aincludes index | ||
| 650 | _aEconomic development | ||
| 942 |
_2lcc _cBK _h905 _iAND _kHC |
||